General Knowledge Quiz 200 - Statistics

General Stats
  • This quiz has been taken 92 times
  • The average score is 6 of 15
Answer Stats
Hint Answer % Correct
What TV show features zombies referred to as 'walkers'? The Walking Dead
75%
What is 'el Día de Muertos or el Día de los Muertos' known as in English? Day of the Dead
74%
What country was the ancient Gupta Empire mostly located in? India
68%
The African National Congress (ANC) is a political party in which country? South Africa
68%
Who did Ferdinand I marry to unite Aragon and Castile? Isabella I of Castile
58%
In what two countries did the Algonquian languages originate? (Name either) Canada | United States
56%
What type of ship is a frigate? Warship
38%
Naxos is an island in which sea? Aegean Sea
37%
Graceland is a critically acclaimed album by which musician? Paul Simon
35%
From Japan, what type of instrument are Taiko? Drums
32%
What type of bird is a Pochard? Duck
27%
Presented by the President, what is the highest civilian award of the United States? Presidential Medal of Freedom
25%
Endemic to Southeast Asia, what type of animal is the Red-shanked douc? Monkey
18%
What 2003 novel, by Gregory David Roberts, is about a heroin addict who escapes from Prison and flees to India? Shantaram
8%
What is both a Taiwanese technology company, and a genus of trees? Acer
5%
No matching quizzes found
Score Distribution
Percent of People with Each Score
Percentile by Number Answered
Your Score History
You have not taken this quiz